00876nam a2200241 i 4500001000300000100001800003245007800021260003500099300003900134490003900173500004000212504002200252650005200274650005800326655002300384830003300407020001500440040000800455041000800463080002400471008004100495856009800536bg1 aPABIS, Robert10aPrzepisy ogólne, spółka jawna, spółka partnerska /cRobert Pabis. aWarszawa :bC. H. Beck,c2003. aXVII, 803 s. ;c25 cm + +eCD-ROM.1 aPisma Spółek Handlowych ;vt. 1 aNa grzb. odmienna nazwa serii: PSH. aBibliogr. Indeks. 9aSpółki jawnexprawozPolskaystan na 2003 r. 9aSpółki partnerskiexprawozPolskaystan na 2003 r. aFormularze i druki aPisma Spółek Handlowych ; a8372476500 cBPK0 apol a347.722(438)(083.2) s pl f |000 0 pol  uhttp://koha.tu.koszalin.pl/cgi-bin/koha/opac-detail.pl?biblionumber=43116yKatalog online BPK